000 00472nam a2200181Ia 4500
008 240925s9999 xx 000 0 und d
020 _aNA
082 _a005.133 BIS
100 _aBishop, Peter
245 0 _aComputer Programming in Basic
250 _a2nd
260 _aNew Delhi:
_bKhanna Publication
_c,1991.
300 _a202p.
_bNA
_fPirated
500 _aNA
600 _aComputer Science
650 _aComputer science, information & general works
942 _cBK
999 _c3594
_d3594